01044nam a2200265 a 450000100100000000500170001000800410002702000150006804000130008308200170009611100770011324501030019026000710029330000210036449000240038550000410040950400560045065000530050665000570055965000350061665000250065170000400067670000380071683000240075400001538620250512093701.0100208s2004 dr 000 0 spa d a9993442259 aDO-SdBNP a868.5bD598c1 aDirección General de la Feria Internacional del Libro de Santo Domingo10aColoquios 2003 /cArmando Almánzar Botello ... [et. al.]. ; presentación Carlos Esteban Deive. aSanto Domingo :bDirección General de la Feria del Libro,c2004. a279 p. ;c24 cm.1 aEdiciones Ferilibro aIncluye notas al pie de la páginas aIncluye referencias bibliográficas ( p. 277- 279) 4aLiteratura cubanaxCongresos, conferencias, etc. 4aLiteratura dominicanaxCongresos, conferencias, etc. 4aLiteratura infantil dominicana 4aLibrosxExposiciones1 aAlmánzar Botello, Armando,d1956-1 aDeive, Carlos Esteban,d1935-2019 0aEdiciones Ferilibro